000 00465nam a2200193Ia 4500
999 _c27273
_d27273
003 0100
005 20181024115351.0
008 130303s9999 xx 000 0 und d
020 _a0949225053
040 _cARRUPELIB
050 _aDT962.62
_b.R33 1978
100 _aRaeburn, Michael
_940433
245 _aBlack fire:
_baccounts of the guerilla war in Zimbabwe /
_cMichael Raeburn
260 _aHarare
_bZimbabwe Publishing House
_c1978
300 _a182p. ;
_c 21cm.
650 _aZimbabwe
_xLiberation war
_xPersonal narratives
_923123
942 _2lcc
_cMONOGRAPH